000 00752nam a22002297a 4500
001 48702
003 BD-RjUL
005 20211209054554.0
008 160816s1959 ii ||||| |||| 00| 0 ben d
020 _c: IRs 3.00
035 _a(BD-RjUL)48821
040 _aBD-RjUL
_bben
_cBD-RjUL
041 _aben
082 _223
_a891.443
_bAGU 1959
100 _aঅগ্নিমিত্র
_9146993
245 1 0 _aউত্তর মৌসুম /
_cঅগ্নিমিত্র
260 _aকলিকাতা :
_bইন্ডিয়ানা,
_c১৯৫৯
300 _a১৩৯ পৃ. ;
_c২১ সেমি.
650 _aবাংলা উপন্যাস
_9146994
650 _aBengali Fiction
_9146995
942 _2ddc
_cBK
999 _c48702
_d48702